| 000 | 00621nam a22002177a 4500 | ||
|---|---|---|---|
| 003 | ITZ | ||
| 005 | 20240216154447.0 | ||
| 008 | 240216b |||||||| |||| 00| 0 spa d | ||
| 020 | _a978-607-15-1469-1 | ||
| 035 | _a17681 | ||
| 041 | _aSPA | ||
| 050 |
_aTP149 _bS54 2020 |
||
| 082 |
_a660.284.299 _bS824i 2020 |
||
| 100 | 1 | _aSmith, J.M. | |
| 245 |
_aIntroducción a la termodinámica en ingeniría química _cJ. M. Smith |
||
| 250 | _a5 Español / 8 Ingles | ||
| 260 |
_aMéxico: _bMc Graw Hill, _c2020 |
||
| 300 |
_axv, 654 p. _bil. / _c27 cm. |
||
| 650 | _a1. TERMODINAMICA \ 2. INGENIERIA QUÍMICA | ||
| 942 | _cBK | ||
| 999 |
_c29295 _d29295 |
||